Game of Thrones Characters by Number of Lines - Statistics

General Stats
  • This quiz has been taken 105 times
  • The average score is 58 of 100
Answer Stats
Lines Character % Correct
887 Jon Snow
97%
668 Arya Stark
96%
629 Sansa Stark
96%
1,353 Tyrion Lannister
95%
834 Cersei Lannister
93%
741 Daenerys Targaryen
89%
298 Catelyn Stark
88%
312 Bran Stark
85%
355 Tywin Lannister
85%
317 Robb Stark
84%
700 Jamie Lannister
81%
250 Joffrey Baratheon
81%
210 Melisandre
80%
301 Stannis Baratheon
80%
472 Theon Greyjoy
80%
363 Eddard Stark
78%
344 Varys
78%
400 Jorah Mormont
77%
117 Robert Baratheon
77%
475 Samwell Tarly
77%
167 Missandei
76%
435 Petyr Baelish
76%
159 Ygritte
76%
287 Margaery Tyrell
74%
332 Brienne of Tarth
72%
400 Davos Seaworth
72%
87 Renly Baratheon
72%
128 Tommen Baratheon
72%
130 Yara Greyjoy
72%
99 Grey Worm
70%
111 Loras Tyrell
70%
129 Oberyn Martell
69%
280 Sandor Clegane
69%
340 Bronn
68%
194 Gilly
65%
46 Khal Drogo
65%
266 Ramsay Snow
65%
134 Roose Bolton
65%
91 Jeor Mormont
64%
221 Shae
64%
62 Ellaria Sand
62%
121 Gendry
62%
38 Myrcella Baratheon
62%
136 Osha
62%
182 Tormund Giantsbane
62%
70 Viserys Targaryen
62%
91 Hodor
61%
87 Maester Luwin
61%
79 Jojen Reed
58%
115 Meera Reed
58%
84 Ros
58%
101 Shireen Baratheon
58%
40 Balon greyjoy
57%
44 Benjen Stark
57%
180 Daario Naharis
57%
62 Edmure Tully
57%
141 Grand Maester Pycelle
57%
154 Podrick Payne
57%
141 High Sparrow
55%
59 Hot Pie
55%
58 Maester Aemon
55%
61 Mance Rayder
55%
125 Alliser Thorne
53%
55 Mace Tyrell
53%
60 Selyse Baratheon
53%
56 Brynden Tully
51%
34 Doran Martell
51%
113 Barristan Selmy
50%
47 Olly
50%
86 Qyburn
50%
76 Janos Slynt
49%
73 The Waif
49%
76 Thoros
47%
52 Beric Dondarrion
46%
55 Septa Unella
46%
40 Karl Tanner
45%
37 Kevan Lannister
45%
82 Lancel Lannister
45%
66 Locke
45%
54 Myranda
45%
38 Tyene Sand
45%
39 Doreah
43%
42 Meryn Trant
43%
43 Olyvar
43%
114 Jaqen H'ghar
42%
72 Walder frey
42%
104 Talisa Margyr
39%
76 Lysa Arryan
38%
52 Robin Arryan
35%
66 Hizdahr zo Loraq
31%
36 Jory Cassel
26%
178 Olenna Tyrell
24%
41 Salladhor Saan
19%
48 Lady Crane
15%
110 Grenn
9%
43 Pypar
7%
114 Eddison Tollett
4%
37 Yoren
4%
39 Qhorin Halfhand
3%
37 Xaro Xhoan Daxos
0%
No matching quizzes found
Score Distribution
Percent of People with Each Score
Percentile by Number Answered
Your Score History
You have not taken this quiz